zpět

Detail výsledku týmu

Stodola, Olomouc

Datum a čas kvízu

28.5 Celkem bodů Celkový počet nahraných bodů na tomto kvízu bez doplňovacích otázek.
11. Pořadí na kvízu Konečné umístění týmu na tomto kvízu.

Zaznamenané odpovědi

# Otázka Odpověď Body Výsledky
1. Nezvykle brzy letos vykvetly n... Jizerka 0
2. Na českém internetu se objevil... vrtulník 0
3. Pořadatelé filmového festivalu... George Lucas 1
4. Minulý týden oznámila italská... Silvio Berlusconi 1
5. Ze soboty na neděli se v Las V... (UFC) 300 1
6. V pěti otázkách tohoto tématu... fyziologický roztok 1
7. Jaká je denní dávka kuchyňské... B 1
8. Tato sůl získala své růžové zb... himálajská 1
9. Nejen lidé, ale i zvířata potř... liz 1
10. Jeden z nejznámějších a nejsta... D) Wieliczka 1